LIBRARY & INFORMATION CENTRE, KCAET, TAVANUR

ONLINE PUBLIC ACCESS CATALOGUE (OPAC)

Easy garden / (Record no. 4253)

MARC details
000 -LEADER
fixed length control field 00401cam a2200169ua 4500
041 ## - LANGUAGE CODE
Language code of text/sound track or separate title eng
082 ## - DEWEY DECIMAL CLASSIFICATION NUMBER
Classification number 635.9
Item number BRI/EA
100 ## - MAIN ENTRY--AUTHOR NAME
Personal name Bristow, Alee .
245 ## - TITLE STATEMENT
Title Easy garden /
250 ## - EDITION STATEMENT
Edition statement 1 /
260 ## - PUBLICATION, DISTRIBUTION, ETC. (IMPRINT)
Place of publication London :
Name of publisher Mitchell beazloy ltd ,
Year of publication 1977.
300 ## - PHYSICAL DESCRIPTION
Number of Pages 154 ; .
500 ## - GENERAL NOTE
General note ** Reference
942 ## - ADDED ENTRY ELEMENTS (KOHA)
Koha item type Books
Holdings
Withdrawn status Lost status Damaged status Home library Current library Date acquired Full call number Accession Number Koha item type
      KAUAET KAUAET 07/04/2012 635.9 16348 Reference
free website counter